00601nam a2200193Ii 450000100060000000300090000600800410001502000150005604000330007104100080010408200180011210000290013024501160015926400390027530000120031433600260032633700280035233800270038020846CO-ViMGA241108s9999||||xx |||||||||||||| ||und|| a8431535393 aCO-ViMGAbspaerdacCO-ViMGA0 aspa04a159.922 B12cu1 aClaudine Badey-Rodriguez10aCuando el carácter se vuelve difícil con la edad :bcómo ayudar a nuestros padres sin morir en el intento 1aMadrid, España : De Vecchi, 2005 avolumen atextbtxt2rdacontent aunmediatedbn2rdamedia avolumebnc2rdacarrier